<?xml version="1.0" encoding="UTF-8"?>
<record
    xmlns:xsi="http://www.w3.org/2001/XMLSchema-instance"
    xsi:schemaLocation="http://www.loc.gov/MARC21/slim http://www.loc.gov/standards/marcxml/schema/MARC21slim.xsd"
    xmlns="http://www.loc.gov/MARC21/slim">

  <leader>00474nam a2200145Ia 4500</leader>
  <controlfield tag="008">230917s9999||||xx |||||||||||||| ||und||</controlfield>
  <datafield tag="040" ind1=" " ind2=" ">
    <subfield code="e">206755</subfield>
    <subfield code="a">MAIN</subfield>
  </datafield>
  <datafield tag="041" ind1=" " ind2=" ">
    <subfield code="a">English</subfield>
  </datafield>
  <datafield tag="082" ind1=" " ind2=" ">
    <subfield code="a">891.43371109 RF298M:TV</subfield>
  </datafield>
  <datafield tag="100" ind1=" " ind2=" ">
    <subfield code="a">&#x920;&#x93E;&#x915;&#x941;&#x930;, &#x935;&#x948;&#x926;&#x94D;&#x92F;&#x928;&#x93E;&#x925;</subfield>
  </datafield>
  <datafield tag="245" ind1=" " ind2="0">
    <subfield code="a">&#x92E;&#x948;&#x932;&#x93E; &#x906;&#x901;&#x91A;&#x932;&#x903; &#x90F;&#x915; &#x935;&#x93F;&#x936;&#x94D;&#x932;&#x947;&#x937;&#x923;</subfield>
  </datafield>
  <datafield tag="260" ind1=" " ind2=" ">
    <subfield code="a">&#x928;&#x908; &#x926;&#x93F;&#x932;&#x94D;&#x932;&#x940;</subfield>
    <subfield code="b">&#x92F;&#x940;&#x92F;&#x942;&#x937; &#x92A;&#x94D;&#x930;&#x915;&#x93E;&#x936;&#x928;</subfield>
    <subfield code="c">2011</subfield>
  </datafield>
  <datafield tag="300" ind1=" " ind2=" ">
    <subfield code="a">208 &#x92A;&#x943;. p.</subfield>
  </datafield>
  <datafield tag="942" ind1=" " ind2=" ">
    <subfield code="c">HN</subfield>
  </datafield>
  <datafield tag="952" ind1=" " ind2=" ">
    <subfield code="0">0</subfield>
    <subfield code="1">0</subfield>
    <subfield code="4">0</subfield>
    <subfield code="6">891_433711090000000_RF298MTV</subfield>
    <subfield code="7">0</subfield>
    <subfield code="9">298638</subfield>
    <subfield code="a">MAIN</subfield>
    <subfield code="b">MAIN</subfield>
    <subfield code="d">2013-05-20</subfield>
    <subfield code="l">0</subfield>
    <subfield code="o">891.43371109 RF298M:TV</subfield>
    <subfield code="p">332264</subfield>
    <subfield code="r">2023-09-17 21:50:18</subfield>
    <subfield code="w">2023-09-17</subfield>
    <subfield code="y">HN</subfield>
  </datafield>
  <datafield tag="999" ind1=" " ind2=" ">
    <subfield code="c">176356</subfield>
    <subfield code="d">176356</subfield>
  </datafield>
</record>
